000 00786nam a2200253 a 4500
001 ASIN1402756968
005 20170105102907.0
008 131024s2008 xxu eng d
020 _a1402756968 (hardcover)
_c$24.95
020 _a9781402756962 (hardcover)
040 _a0
050 0 4 _aDS374.K5
082 0 4 _a958
100 1 _aDocherty, Paddy.
245 1 4 _aThe khyber pass :
_ba history of empire & invasion /
_cPaddy Docherty.
260 _a[S.l.] :
_bUnion Square Press,
_c2008.
300 _a288 p. ;
_c24 cm.
520 _aKhyber Pass, invasion, 20th century history.
650 0 _aAsia--Khyber Pass
650 0 _aDocherty, Paddy
650 0 _aTravel
856 4 0 _3Amazon.com
_uhttp://www.amazon.com/exec/obidos/ASIN/1402756968/chopaconline-20
942 _2ddc
_cBK
999 _c14916
_d14916